[Event "Civil Service Ch 14th"]
[Site "Leeds"]
[Date "2004.07.28"]
[Round "1"]
[White "Lewyk, Ihor"]
[Black "Nicholas, Jeff J"]
[Result "0-1"]
[WhiteElo "1872"]
[BlackElo "1648"]
[PlyCount "124"]
[EventDate "2004.07.28"]
[EventType "swiss"]
[EventRounds "5"]
[EventCountry "ENG"]
[SourceTitle "Thurlow, Kevin"]

1. Nf3 d5 2. d4 Nf6 3. e3 Bf5 4. c4 c6 5. Qb3 Qb6 6. Qxb6 axb6 7. Nc3 e6 8. Be2 h6 9. O-O Nbd7 10. Rd1 Be7 11. h3 O-O 12. b3 Bc2 13. Rd2 Bxb3 14. cxd5 Bxd5 15. Nxd5 exd5 16. Bb2 b5 17. Rc2 Nb6 18. Nd2 Nc4 19. Bxc4 bxc4 20. a4 Bb4 21. f3 Ra5 22. Bc3 Bxc3 23. Rxc3 Rfa8 24. Rb1 b5 25. axb5 Rxb5 26. Rcc1 Ra2 27. Nf1 Rab2 28. Ra1 R5b3 29. Ra6 Rb6 30. Ra8+ Kh7 31. Rc8 {(=)} Re2 32. Rc7 Kg6 33. e4 dxe4 34. Rxc4 exf3 35. gxf3 Rb1 36. R4xc6 Ree1 37. d5 Rxf1+ 38. Kg2 Rg1+ 39. Kf2 Rgf1+ 40. Ke2 Rbe1+ 41. Kd2 Rd1+ 42. Ke2 Rde1+ 43. Kd2 Re5 44. d6 Rd5+ 45. Ke2 Rfd1 46. f4 Rxd6 47. f5+ Kxf5 48. Rxd6 Rxd6 49. Rxf7 g5 50. Ke3 Kg6 51. Ra7 Nh5 52. Ra2 Rf6 53. Ra3 Rf4 54. Ra6+ Nf6 55. Ra3 Nh5 56. Ra6+ Rf6 57. Ra3 Nf4 58. Ke4 Re6+ 59. Kd4 Re1 60. Ra6+ Kh5 61. Ra3 Rh1 62. Ke4 Nxh3 0-1

[Event "Civil Service Ch 14th"]
[Site "Leeds"]
[Date "2004.07.28"]
[Round "1"]
[White "Maxwell, Alistair"]
[Black "Archer, Richard P"]
[Result "1/2-1/2"]
[WhiteElo "1944"]
[BlackElo "1808"]
[PlyCount "28"]
[EventDate "2004.07.28"]
[EventType "swiss"]
[EventRounds "5"]
[EventCountry "ENG"]
[SourceTitle "Thurlow, Kevin"]

1. e4 e5 2. Nf3 Nc6 3. c3 Nf6 4. d4 d6 5. Be3 Be7 6. h3 O-O 7. d5 Nb8 8. Nbd2 c5 9. a4 Nbd7 10. a5 Re8 11. b4 b6 12. Bb5 Rb8 13. a6 Rf8 14. O-O Ne8 1/2-1/2

[Event "Civil Service Ch 14th"]
[Site "Leeds"]
[Date "2004.07.28"]
[Round "1"]
[White "Robson, Paul E"]
[Black "Brusey, Alan W"]
[Result "0-1"]
[WhiteElo "1824"]
[BlackElo "1968"]
[PlyCount "96"]
[EventDate "2004.07.28"]
[EventType "swiss"]
[EventRounds "5"]
[EventCountry "ENG"]
[SourceTitle "Thurlow, Kevin"]

1. e4 e6 2. d4 d5 3. Nd2 Nf6 4. e5 Ne4 5. Bd3 Nxd2 6. Bxd2 c5 7. c3 Nc6 8. f4 cxd4 9. cxd4 Nxd4 10. Qa4+ Nc6 11. Nf3 Qb6 12. Qc2 Nb4 13. Bxb4 Bxb4+ 14. Ke2 h6 15. a3 Be7 16. b4 Bd7 17. Rac1 Rc8 18. Qb1 O-O 19. f5 exf5 20. Bxf5 Qa6+ 21. Kf2 Bxf5 22. Qxf5 Rxc1 23. Rxc1 Qxa3 24. Rc7 Qxb4 25. Qd7 Bc5+ 26. Kg3 Be3 27. Qxd5 Qf4+ 28. Kh3 g5 29. Rc4 Qf5+ 30. g4 Qb1 31. Kg2 Qb2+ 32. Kh3 Qf2 33. Qd1 Bb6 34. Rc2 Qe3 35. Rd2 Bc7 36. Rd3 Qb6 37. Rb3 Qc6 38. Qb1 Rd8 39. Qf5 b5 40. Rb2 Bb6 41. Re2 Qe6 42. Qe4 Rc8 43. Nd2 Rc3+ 44. Nf3 Rc4 45. Qa8+ Kg7 46. Re4 b4 47. Kg3 b3 48. Rxc4 Qxc4 {White lost on time} 0-1

[Event "Civil Service Ch 14th"]
[Site "Leeds"]
[Date "2004.07.28"]
[Round "1"]
[White "Thurlow, Kevin J"]
[Black "Cooper, John G ENG"]
[Result "0-1"]
[WhiteElo "2088"]
[BlackElo "1848"]
[PlyCount "66"]
[EventDate "2004.07.28"]
[EventType "swiss"]
[EventRounds "5"]
[EventCountry "ENG"]
[SourceTitle "Thurlow, Kevin"]

1. e4 c5 2. Nf3 Nc6 3. d4 cxd4 4. Nxd4 Nf6 5. Nc3 e5 6. Ndb5 d6 7. Bg5 a6 8. Bxf6 gxf6 9. Na3 b5 10. Nd5 f5 11. Bxb5 axb5 12. Nxb5 Ra5 13. Nbc7+ Kd7 14. Qh5 Nd4 15. Qxf7+ Be7 16. b4 Ra7 17. b5 Qf8 18. Qxf8 Rxf8 19. b6 Nxc2+ 20. Kd2 Rxc7 21. bxc7 Nxa1 22. Rxa1 Bb7 23. Nxe7 Kxe7 24. Rb1 Bc8 25. exf5 Rxf5 26. Ke3 Kd7 27. Rc1 Rf4 28. g3 Ra4 29. Rc2 Ra7 30. f4 Rxc7 31. Rd2 Rc3+ 32. Ke4 Bb7+ 33. Kf5 e4 0-1

[Event "Civil Service Ch 14th"]
[Site "Leeds"]
[Date "2004.07.28"]
[Round "1"]
[White "Walker, Martin Graham"]
[Black "Pickersgill, Adrian O"]
[Result "1/2-1/2"]
[WhiteElo "2184"]
[BlackElo "1856"]
[PlyCount "106"]
[EventDate "2004.07.28"]
[EventType "swiss"]
[EventRounds "5"]
[EventCountry "ENG"]
[SourceTitle "Thurlow, Kevin"]

1. e4 d5 2. exd5 Qxd5 3. Nc3 Qa5 4. d4 Nf6 5. Bc4 c6 6. Nf3 Bf5 7. O-O e6 8. Qe2 Bb4 9. Bd2 O-O 10. a3 Bxc3 11. Bxc3 Qc7 12. Bd3 Bxd3 13. Qxd3 Nbd7 14. Rfe1 Rad8 15. Qe2 Rfe8 16. Rad1 h6 17. h3 Nd5 18. Bd2 b5 19. b3 N7f6 20. Ne5 Nd7 21. Qg4 Nxe5 22. Rxe5 Nf6 23. Qh4 Rd5 24. Rde1 Qe7 25. Bb4 Qd8 26. Bc5 a6 27. Rxd5 exd5 28. Re5 Re6 29. f3 Qe8 30. Bd6 Qd7 31. Bc5 Qe8 32. Rxe6 Qxe6 33. Qf4 Kh7 34. Kf2 Nh5 35. Qd2 Qg6 {(=)} 36. g4 Nf6 37. Ke2 Ne8 38. Qd3 Nc7 39. Bd6 Ne6 40. Qxg6+ Kxg6 41. Ke3 f5 42. f4 h5 43. g5 Kf7 44. Kd3 g6 45. Kc3 Ke8 46. Be5 Nd8 47. Kb4 Nb7 48. c4 Kd7 49. h4 Ke6 50. cxb5 cxb5 51. Bc7 Kd7 52. Bb8 Kc6 53. Be5 Kb6 1/2-1/2

[Event "Civil Service Ch 14th"]
[Site "Leeds"]
[Date "2004.07.28"]
[Round "1"]
[White "Wedlock, Stephen L"]
[Black "Jowett, Peter E"]
[Result "0-1"]
[WhiteElo "1856"]
[BlackElo "2136"]
[PlyCount "98"]
[EventDate "2004.07.28"]
[EventType "swiss"]
[EventRounds "5"]
[EventCountry "ENG"]
[SourceTitle "Thurlow, Kevin"]

1. e4 e5 2. Nf3 Nc6 3. Bc4 Be7 4. d4 exd4 5. Nxd4 Ne5 6. Be2 d6 7. O-O Nf6 8. Nc3 O-O 9. h3 Re8 10. Be3 h6 11. Qd2 Bf8 12. Rfe1 Ng6 13. f3 d5 14. exd5 Nxd5 15. Nxd5 Qxd5 16. b3 Bd6 17. Kf1 Bd7 18. Nb5 Qxd2 19. Bxd2 Rxe2 20. Rxe2 Bxb5 21. c4 Bc6 22. Be3 a6 23. Rd1 Re8 24. Bc1 Rxe2 25. Kxe2 Nf4+ 26. Bxf4 Bxf4 27. Kf2 f5 28. g3 Bd6 29. Re1 Kf7 30. Re2 h5 31. Kg2 g5 32. Kf2 Kf6 33. Rd2 Ke5 34. Ke2 g4 35. hxg4 hxg4 36. fxg4 fxg4 37. Ke3 Kf5 38. Kf2 Bc5+ 39. Ke2 Bf3+ 40. Kf1 Ke4 41. Rd8 Ke3 42. Re8+ Kd3 43. Rd8+ Kc3 44. Rd7 Bd6 45. Kf2 Kb2 46. b4 Bxb4 47. Rxc7 Kxa2 48. c5 Kb3 49. Ke3 Kc4 0-1

[Event "Civil Service Ch 14th"]
[Site "Leeds"]
[Date "2004.07.28"]
[Round "2"]
[White "Calvert, David Ian"]
[Black "Walker, Martin Graham"]
[Result "1/2-1/2"]
[WhiteElo "1912"]
[BlackElo "2184"]
[PlyCount "53"]
[EventDate "2004.07.28"]
[EventType "swiss"]
[EventRounds "5"]
[EventCountry "ENG"]
[SourceTitle "Thurlow, Kevin"]

1. b3 e5 2. Bb2 d6 3. e3 Nf6 4. d4 exd4 5. Qxd4 Nc6 6. Bb5 Bd7 7. Bxc6 Bxc6 8. Nf3 Qd7 9. Nbd2 Be7 10. O-O O-O 11. Rfe1 b6 12. e4 Rad8 13. Rad1 Qc8 14. Nf1 Qa8 15. Ng3 Rfe8 16. Nd2 d5 17. e5 Ne4 18. Ndxe4 dxe4 19. Qe3 Bb4 20. Bc3 a5 21. h4 Bb7 22. Nf5 g6 23. Bxb4 axb4 24. Qh6 gxf5 25. Qg5+ Kh8 26. Qf6+ Kg8 27. Qg5+ 1/2-1/2

[Event "Civil Service Ch 14th"]
[Site "Leeds"]
[Date "2004.07.28"]
[Round "2"]
[White "Brusey, Alan W"]
[Black "Cooper, John G ENG"]
[Result "1-0"]
[WhiteElo "1968"]
[BlackElo "1848"]
[PlyCount "71"]
[EventDate "2004.07.28"]
[EventType "swiss"]
[EventRounds "5"]
[EventCountry "ENG"]
[SourceTitle "Thurlow, Kevin"]

1. e4 c5 2. c3 Nf6 3. e5 Nd5 4. d4 cxd4 5. cxd4 e6 6. Nc3 Nxc3 7. bxc3 Qc7 8. Bd2 d6 9. f4 Nc6 10. Nf3 Bd7 11. Bd3 d5 12. Qc2 h6 13. O-O Be7 14. f5 exf5 15. Bxf5 O-O 16. Rae1 Bxf5 17. Qxf5 Qc8 18. Qf4 Qe6 19. Qg3 Na5 {(=)} 20. Nh4 Bxh4 21. Qxh4 Nc4 22. Bc1 Rac8 23. Rf3 Rc6 24. Ref1 Qg6 25. Rg3 Qh7 26. Qe7 Rb6 27. Qd7 Qe4 28. Rgf3 f5 29. Rf4 Qd3 30. Qxd5+ Kh7 31. R4f3 Qe2 32. a4 Rb1 33. e6 Nb6 34. Qc5 Re8 35. Qxf5+ Kh8 36. Qxb1 1-0

[Event "Civil Service Ch 14th"]
[Site "Leeds"]
[Date "2004.07.28"]
[Round "2"]
[White "Jowett, Peter E"]
[Black "Nicholas, Jeff J"]
[Result "1-0"]
[WhiteElo "2136"]
[BlackElo "1648"]
[PlyCount "41"]
[EventDate "2004.07.28"]
[EventType "swiss"]
[EventRounds "5"]
[EventCountry "ENG"]
[SourceTitle "Thurlow, Kevin"]

1. e4 c5 2. c3 e6 3. d4 cxd4 4. cxd4 Nf6 5. Nc3 d6 6. Nf3 Be7 7. Be2 O-O 8. O-O Nc6 9. h3 a6 10. a3 d5 11. e5 Nd7 12. Be3 f6 13. exf6 Nxf6 14. Rc1 Bd7 15. Bd3 Bd6 16. Re1 Qe8 17. Ne2 e5 18. dxe5 Nxe5 19. Nxe5 Qxe5 20. Bf4 Qe7 21. Ng3 1-0

[Event "Civil Service Ch 14th"]
[Site "Leeds"]
[Date "2004.07.28"]
[Round "2"]
[White "Pickersgill, Adrian O"]
[Black "Maxwell, Alistair"]
[Result "1/2-1/2"]
[WhiteElo "1856"]
[BlackElo "1944"]
[PlyCount "48"]
[EventDate "2004.07.28"]
[EventType "swiss"]
[EventRounds "5"]
[EventCountry "ENG"]
[SourceTitle "Thurlow, Kevin"]

1. e4 e5 2. f4 exf4 3. Bc4 d5 4. exd5 c6 5. d4 cxd5 6. Bb5+ Nc6 7. Bxf4 Bd6 8. Bxd6 Qxd6 9. c3 Nf6 10. Nf3 O-O 11. O-O Bg4 12. Nbd2 Ne4 13. Qc2 Nxd2 {(=)} 14. Qxd2 Rae8 15. Rae1 Bxf3 16. Rxf3 Rxe1+ 17. Qxe1 Nd8 18. Bd3 Ne6 19. Qh4 h6 20. Rf5 Re8 21. Re5 Nc7 22. Rxe8+ Nxe8 23. Qg4 Qe6 24. Qe2 Nd6 1/2-1/2

[Event "Civil Service Ch 14th"]
[Site "Leeds"]
[Date "2004.07.28"]
[Round "2"]
[White "Wedlock, Stephen L"]
[Black "Thurlow, Kevin J"]
[Result "1/2-1/2"]
[WhiteElo "1856"]
[BlackElo "2088"]
[PlyCount "39"]
[EventDate "2004.07.28"]
[EventType "swiss"]
[EventRounds "5"]
[EventCountry "ENG"]
[SourceTitle "Thurlow, Kevin"]

1. e4 c5 2. Nf3 e6 3. d4 cxd4 4. Nxd4 Nc6 5. Be2 Nf6 6. Nc3 Qc7 7. O-O a6 8. a3 Be7 9. Be3 b5 10. f3 Bb7 11. Qd2 Rd8 12. Rad1 d5 13. exd5 Nxd5 14. Nxd5 Rxd5 15. Qc1 Nxd4 16. Rxd4 Bf6 17. Rxd5 Bxd5 18. c3 O-O 19. Bd3 g6 20. Qc2 1/2-1/2

[Event "Civil Service Ch 14th"]
[Site "Leeds"]
[Date "2004.07.29"]
[Round "3"]
[White "Cooper, John G ENG"]
[Black "Maxwell, Alistair"]
[Result "1/2-1/2"]
[WhiteElo "1848"]
[BlackElo "1944"]
[PlyCount "34"]
[EventDate "2004.07.28"]
[EventType "swiss"]
[EventRounds "5"]
[EventCountry "ENG"]
[SourceTitle "Thurlow, Kevin"]

1. d4 Nf6 2. Nf3 e6 3. Bf4 c5 4. e3 Nc6 5. Bd3 b6 6. O-O Bb7 7. c3 Be7 8. h3 Rc8 9. Nbd2 O-O 10. Re1 d6 11. Qe2 cxd4 12. exd4 Re8 13. Ne4 Nxe4 14. Bxe4 Bf6 15. Rad1 Na5 16. Bxb7 Nxb7 17. Qe4 Na5 1/2-1/2

[Event "Civil Service Ch 14th"]
[Site "Leeds"]
[Date "2004.07.29"]
[Round "3"]
[White "Nicholas, Jeff J"]
[Black "Calvert, David Ian"]
[Result "0-1"]
[WhiteElo "1648"]
[BlackElo "1912"]
[PlyCount "88"]
[EventDate "2004.07.28"]
[EventType "swiss"]
[EventRounds "5"]
[EventCountry "ENG"]
[SourceTitle "Thurlow, Kevin"]

1. d4 d5 2. Nf3 Nf6 3. c4 c6 4. g3 g6 5. Bg2 Bg7 6. O-O O-O 7. b3 Bf5 8. Nc3 Ne4 9. Nxe4 Bxe4 10. Bb2 Nd7 11. cxd5 cxd5 12. Nd2 Bxg2 13. Kxg2 Rc8 14. e3 Qa5 15. a3 Rc7 16. Rc1 Rfc8 17. Rxc7 Rxc7 18. b4 Qb5 19. Qb3 Nb6 20. Rc1 Rxc1 21. Bxc1 Qc6 22. Bb2 a6 23. Qc3 Nc4 24. Kg1 Nxd2 25. Qxd2 Kf8 26. Qc3 Qxc3 27. Bxc3 Ke8 28. Kf1 Kd7 29. Ke2 Kc6 30. Kd3 Kb5 31. Bb2 Ka4 32. Kc2 e6 33. f4 Bf8 34. Kd3 a5 35. bxa5 Bxa3 36. Bc3 Bb4 37. Bb2 Kb3 38. Bc1 Bxa5 39. e4 b5 40. g4 Bc3 41. h4 b4 42. f5 dxe4+ 43. Kxe4 Kc2 44. fxe6 fxe6 0-1

[Event "Civil Service Ch 14th"]
[Site "Leeds"]
[Date "2004.07.29"]
[Round "3"]
[White "Walker, Martin Graham"]
[Black "Archer, Richard P"]
[Result "1/2-1/2"]
[WhiteElo "2184"]
[BlackElo "1808"]
[PlyCount "74"]
[EventDate "2004.07.28"]
[EventType "swiss"]
[EventRounds "5"]
[EventCountry "ENG"]
[SourceTitle "Thurlow, Kevin"]

1. e4 c5 2. Nf3 d6 3. Bb5+ Bd7 4. Bxd7+ Qxd7 5. O-O Nc6 6. c3 Nf6 7. Re1 g6 8. d4 cxd4 9. cxd4 Bg7 10. Nc3 O-O 11. h3 Rad8 12. Bg5 Ne8 13. Qd2 Nc7 14. Rad1 Ne6 15. Be3 Na5 16. d5 Nc5 17. b3 b6 18. Bh6 Nab7 19. Bxg7 Kxg7 20. Nd4 e5 21. Nc6 Ra8 22. b4 Na6 23. Nb5 Nd8 24. Rc1 f5 25. f3 fxe4 26. fxe4 Nf7 27. Rf1 h6 28. Qd3 Ng5 29. Kh2 Kh7 30. h4 Nf7 31. Qa3 Qg4 32. Qxa6 Qxh4+ 33. Kg1 Ng5 34. Qb7+ Kh8 35. Qe7 Nh3+ 36. Kh2 Nf4+ 37. Kg1 Nh3+ 1/2-1/2

[Event "Civil Service Ch 14th"]
[Site "Leeds"]
[Date "2004.07.29"]
[Round "3"]
[White "Brusey, Alan W"]
[Black "Jowett, Peter E"]
[Result "1/2-1/2"]
[WhiteElo "1968"]
[BlackElo "2136"]
[PlyCount "30"]
[EventDate "2004.07.28"]
[EventType "swiss"]
[EventRounds "5"]
[EventCountry "ENG"]
[SourceTitle "Thurlow, Kevin"]

1. e4 c5 2. c3 Nf6 3. e5 Nd5 4. d4 cxd4 5. cxd4 d6 6. Bc4 Nb6 7. Bb5+ Bd7 8. e6 fxe6 9. Bd3 g6 10. h4 Bc6 11. Nf3 Bxf3 12. Qxf3 Nc6 13. Be3 Qd7 14. Nc3 Bg7 15. O-O-O Rf8 1/2-1/2

[Event "Civil Service Ch 14th"]
[Site "Leeds"]
[Date "2004.07.29"]
[Round "3"]
[White "Lewyk, Ihor"]
[Black "Wedlock, Stephen L"]
[Result "1/2-1/2"]
[WhiteElo "1872"]
[BlackElo "1856"]
[PlyCount "50"]
[EventDate "2004.07.28"]
[EventType "swiss"]
[EventRounds "5"]
[EventCountry "ENG"]
[SourceTitle "Thurlow, Kevin"]

1. Nf3 d5 2. d4 e6 3. e3 Nf6 4. Bd3 Bd6 5. O-O Nbd7 6. b3 b6 7. Bb2 Bb7 8. Ne5 O-O 9. f4 Ne4 10. Nxd7 Qxd7 11. Nd2 Nxd2 12. Qxd2 c5 13. f5 exf5 14. Bxf5 Qc7 15. dxc5 Bxh2+ 16. Kh1 Be5 17. cxb6 axb6 18. Bxe5 Qxe5 19. Qd4 Qxd4 20. exd4 Rfe8 {(=)} 21. Bd3 Re6 22. a4 Ba6 23. Bxa6 Rxa6 24. Rae1 Ra8 25. Rxe6 fxe6 1/2-1/2

[Event "Civil Service Ch 14th"]
[Site "Leeds"]
[Date "2004.07.29"]
[Round "3"]
[White "Thurlow, Kevin J"]
[Black "Robson, Paul E"]
[Result "1-0"]
[WhiteElo "2088"]
[BlackElo "1824"]
[PlyCount "39"]
[EventDate "2004.07.28"]
[EventType "swiss"]
[EventRounds "5"]
[EventCountry "ENG"]
[SourceTitle "Thurlow, Kevin"]

1. e4 c5 2. Nf3 g6 3. d4 cxd4 4. Nxd4 Bg7 5. Be3 Nc6 6. Nc3 Nf6 7. Qd2 O-O 8. f3 d5 9. Nxc6 bxc6 10. e5 Nd7 11. f4 e6 12. Be2 f6 13. exf6 Qxf6 14. Rd1 c5 15. Nxd5 Qxb2 16. O-O Rf7 17. Nc7 Rb8 18. Nxe6 Qxa2 19. Nxg7 Kxg7 20. Qc3+ 1-0

[Event "Civil Service Ch 14th"]
[Site "Leeds"]
[Date "2004.07.29"]
[Round "4"]
[White "Jowett, Peter E"]
[Black "Thurlow, Kevin J"]
[Result "1-0"]
[WhiteElo "2136"]
[BlackElo "2088"]
[PlyCount "41"]
[EventDate "2004.07.28"]
[EventType "swiss"]
[EventRounds "5"]
[EventCountry "ENG"]
[SourceTitle "Thurlow, Kevin"]

1. e4 c5 2. c3 g6 3. Bc4 Bg7 4. Nf3 Qc7 5. O-O Nf6 6. e5 Ng4 7. Bxf7+ Kxf7 8. Ng5+ Ke8 9. Qxg4 Qxe5 10. Na3 Nc6 11. Nxh7 Qf5 12. Qxf5 gxf5 13. Ng5 Bf6 14. f4 e5 15. d3 Rg8 16. Nb5 exf4 17. Re1+ Ne5 18. Bxf4 d6 19. Nxd6+ Ke7 20. Nxc8+ Raxc8 21. Nf3 1-0

[Event "Civil Service Ch 14th"]
[Site "Leeds"]
[Date "2004.07.29"]
[Round "4"]
[White "Calvert, David Ian"]
[Black "Brusey, Alan W"]
[Result "1/2-1/2"]
[WhiteElo "1912"]
[BlackElo "1968"]
[PlyCount "88"]
[EventDate "2004.07.28"]
[EventType "swiss"]
[EventRounds "5"]
[EventCountry "ENG"]
[SourceTitle "Thurlow, Kevin"]

1. b3 d5 2. Bb2 Bf5 3. Nf3 e6 4. g3 Nf6 5. Bg2 c5 6. O-O Nc6 7. d3 Be7 8. Nbd2 O-O 9. Ne5 Nxe5 10. Bxe5 Nd7 11. Bb2 Bf6 12. Bxf6 Nxf6 13. e4 dxe4 14. Nxe4 Nxe4 15. dxe4 Bg6 16. Qe2 Qc7 17. Rad1 Rad8 18. Rxd8 Rxd8 19. Rd1 e5 20. Rd3 Kf8 21. Qd2 Rxd3 22. Qxd3 f6 23. c4 Ke7 24. Kf1 Qd6 25. Qxd6+ Kxd6 26. Ke2 b6 27. Kd3 Be8 28. Kc3 Bc6 29. f3 g6 30. Bh3 b5 31. Bf1 b4+ 32. Kd3 f5 33. Ke3 a5 34. h4 a4 35. Be2 a3 36. g4 fxe4 37. fxe4 Bd7 38. g5 Bc6 39. Bg4 Be8 40. Kd3 Bc6 41. Ke3 Ba4 42. Bd1 Bd7 43. Bf3 Be6 44. Be2 Bd7 1/2-1/2

[Event "Civil Service Ch 14th"]
[Site "Leeds"]
[Date "2004.07.29"]
[Round "4"]
[White "Cooper, John G ENG"]
[Black "Lewyk, Ihor"]
[Result "1-0"]
[WhiteElo "1848"]
[BlackElo "1872"]
[PlyCount "125"]
[EventDate "2004.07.28"]
[EventType "swiss"]
[EventRounds "5"]
[EventCountry "ENG"]
[SourceTitle "Thurlow, Kevin"]

1. d4 Nf6 2. Nf3 d5 3. Bf4 e6 4. e3 Bd6 5. Ne5 Nbd7 6. Nd2 O-O 7. Bd3 c5 8. Nxf7 Rxf7 9. Bxd6 c4 10. Be2 Qb6 11. Ba3 Qa5 12. c3 e5 13. O-O Qc7 14. Nf3 h6 15. dxe5 Nxe5 16. Nxe5 Qxe5 17. Qd4 Qf5 18. Bf3 Be6 19. b3 Rc7 20. Bd6 Rc6 21. Be5 cxb3 22. axb3 Ne4 23. Bxe4 dxe4 24. Bxg7 Bxb3 25. Rfb1 Qf7 26. Be5 a6 27. Qb4 Re8 28. Qxb3 Qxb3 29. Rxb3 Rxe5 30. Rxb7 Rxc3 31. h3 Re6 32. Rd1 Rc8 33. Rdd7 Rc1+ 34. Kh2 Rc8 35. Re7 Rf6 36. Rg7+ Kf8 37. Kg3 Re8 38. Rg4 Rc6 39. Rbg7 Ree6 40. Ra7 Re8 41. Rf4+ Kg8 42. h4 Rd6 43. h5 Re5 44. Kh4 Rc6 45. Rg4+ Kf8 46. Rf4+ Kg8 47. g4 Rd6 48. Rf5 Ree6 49. g5 hxg5+ 50. Rxg5+ Kf8 51. Rc5 Re8 52. Kg5 Kg8 53. h6 Rd2 54. Rf5 Rd6 55. Rg7+ Kh8 56. Rg6 Rd2 57. Rxa6 Rg8+ 58. Rg6 Re8 59. Rgf6 Rg8+ 60. Kh5 Rd1 61. Rf4 Rh1+ 62. Rh4 Rhg1 63. Rf5 {and White won} 1-0

[Event "Civil Service Ch 14th"]
[Site "Leeds"]
[Date "2004.07.29"]
[Round "4"]
[White "Maxwell, Alistair"]
[Black "Walker, Martin Graham"]
[Result "1-0"]
[WhiteElo "1944"]
[BlackElo "2184"]
[PlyCount "67"]
[EventDate "2004.07.28"]
[EventType "swiss"]
[EventRounds "5"]
[EventCountry "ENG"]
[SourceTitle "Thurlow, Kevin"]

1. e4 e5 2. Nf3 Nc6 3. Bb5 Nd4 4. Bc4 Bc5 5. c3 Nxf3+ 6. Qxf3 Qe7 7. O-O d6 8. d3 Be6 9. b4 Bb6 10. Be3 Bxc4 11. dxc4 Nf6 12. Nd2 Nd7 13. a4 O-O 14. c5 dxc5 15. a5 cxb4 16. axb6 axb6 17. cxb4 Qxb4 18. Qf5 Rxa1 19. Rxa1 Qc3 20. Rf1 Nc5 21. Bxc5 bxc5 22. Nf3 f6 23. Qe6+ Kh8 24. Qe7 Rg8 25. h3 b5 26. Nh4 Qc2 27. Nf5 Qxe4 28. Nh6 Ra8 29. Nf7+ Kg8 30. Nd8 Qg6 31. Qe6+ Kf8 32. Qd5 Rc8 33. Qxc5+ Kg8 34. Nc6 1-0

[Event "Civil Service Ch 14th"]
[Site "Leeds"]
[Date "2004.07.29"]
[Round "4"]
[White "Nicholas, Jeff J"]
[Black "Robson, Paul E"]
[Result "1/2-1/2"]
[WhiteElo "1648"]
[BlackElo "1824"]
[PlyCount "36"]
[EventDate "2004.07.28"]
[EventType "swiss"]
[EventRounds "5"]
[EventCountry "ENG"]
[SourceTitle "Thurlow, Kevin"]

1. d4 g6 2. Nf3 Bg7 3. Bg5 c5 4. c3 cxd4 5. cxd4 Qb6 6. Qd2 Nc6 7. e3 Nf6 8. Nc3 e6 9. Bd3 d5 10. O-O O-O 11. Rac1 Bd7 12. h3 Rac8 13. Bf4 Nb4 14. Bb1 Ne4 15. Nxe4 dxe4 16. Ne5 Bxe5 17. Bxe5 f5 18. a3 Nd5 1/2-1/2

[Event "Civil Service Ch 14th"]
[Site "Leeds"]
[Date "2004.07.29"]
[Round "4"]
[White "Pickersgill, Adrian O"]
[Black "Archer, Richard P"]
[Result "1-0"]
[WhiteElo "1856"]
[BlackElo "1808"]
[PlyCount "49"]
[EventDate "2004.07.28"]
[EventType "swiss"]
[EventRounds "5"]
[EventCountry "ENG"]
[SourceTitle "Thurlow, Kevin"]

1. e4 c5 2. c3 Nf6 3. e5 Nd5 4. d4 cxd4 5. Qxd4 e6 6. Nf3 Nc6 7. Qe4 d6 8. Bb5 Bd7 9. c4 Nb6 10. exd6 Bxd6 11. O-O a6 12. Rd1 Qc7 13. Nc3 Ne5 14. Nxe5 Bxe5 {(=)} 15. c5 axb5 16. cxb6 Qb8 17. Rxd7 Kxd7 18. Nxb5 Bxh2+ 19. Kh1 Rc8 20. f4 Rxc1+ 21. Rxc1 Bxf4 22. Rf1 e5 23. Qd5+ Ke7 24. g3 Qc8 25. Qd6+ 1-0

[Event "Civil Service Ch 14th"]
[Site "Leeds"]
[Date "2004.07.30"]
[Round "5"]
[White "Brusey, Alan W"]
[Black "Pickersgill, Adrian O"]
[Result "1/2-1/2"]
[WhiteElo "1968"]
[BlackElo "1856"]
[PlyCount "27"]
[EventDate "2004.07.28"]
[EventType "swiss"]
[EventRounds "5"]
[EventCountry "ENG"]
[SourceTitle "Thurlow, Kevin"]

1. e4 d5 2. exd5 Qxd5 3. Nf3 Nf6 4. d4 c6 5. c4 Qa5+ 6. Bd2 Qc7 7. Nc3 Bf5 8. d5 e6 9. dxe6 Bxe6 10. Bd3 Nbd7 11. O-O O-O-O 12. Qc2 Bd6 13. Ne4 Nxe4 14. Bxe4 1/2-1/2

[Event "Civil Service Ch 14th"]
[Site "Leeds"]
[Date "2004.07.30"]
[Round "5"]
[White "Thurlow, Kevin J"]
[Black "Lewyk, Ihor"]
[Result "1-0"]
[WhiteElo "2088"]
[BlackElo "1872"]
[PlyCount "121"]
[EventDate "2004.07.28"]
[EventType "swiss"]
[EventRounds "5"]
[EventCountry "ENG"]
[SourceTitle "Thurlow, Kevin"]

1. Nf3 d5 2. b3 Bg4 3. Bb2 Bxf3 4. gxf3 Nd7 5. e4 e6 6. Qe2 Ngf6 7. e5 Nh5 8. d4 a6 9. Nd2 c5 10. Qe3 Rc8 11. Bd3 g6 12. c4 Nb6 13. a4 Be7 14. f4 g5 15. f5 Nf4 16. Bf1 exf5 17. a5 Na8 18. h4 Nc7 19. dxc5 Nce6 20. b4 gxh4 21. Nf3 dxc4 22. Rd1 Qc7 23. Nxh4 Qc6 24. Qf3 Qe4+ 25. Qxe4 fxe4 26. Nf5 Nd3+ 27. Bxd3 cxd3 28. Nd6+ Bxd6 29. exd6 Rg8 30. f3 Rg2 31. Rd2 exf3 32. Rxg2 fxg2 33. Rg1 Nf4 34. Kd2 Kd7 35. Be5 Nd5 36. Rxg2 Nxb4 37. Rg7 Ke6 38. Bc3 Nd5 39. Bd4 Nb4 40. Rxh7 Rg8 41. Kc3 Nc6 42. Kxd3 Nxa5 43. Rh6+ Rg6 44. Rh8 Nc6 45. Rf8 Rg3+ 46. Be3 Rf3 47. Ke4 Rf1 48. Bf4 Re1+ 49. Be3 a5 50. Rc8 a4 51. Kd3 Rb1 52. Ra8 Rb3+ 53. Ke2 a3 54. Bc1 f5 55. Bxa3 f4 56. Bc1 f3+ 57. Kf2 Nd4 58. Re8+ Kd7 59. Re7+ Kd8 60. Bg5 Rb2+ 61. Re2+ 1-0

[Event "Civil Service Ch 14th"]
[Site "Leeds"]
[Date "2004.07.30"]
[Round "5"]
[White "Wedlock, Stephen L"]
[Black "Nicholas, Jeff J"]
[Result "1/2-1/2"]
[WhiteElo "1856"]
[BlackElo "1648"]
[PlyCount "43"]
[EventDate "2004.07.28"]
[EventType "swiss"]
[EventRounds "5"]
[EventCountry "ENG"]
[SourceTitle "Thurlow, Kevin"]

1. e4 c5 2. Nf3 e6 3. d4 cxd4 4. Nxd4 a6 5. Be2 Nf6 6. Nc3 Qc7 7. O-O Be7 8. Be3 O-O 9. a3 b6 10. Qd2 Bb7 11. f3 Nc6 12. Rad1 Nxd4 13. Bxd4 Bc5 14. Kh1 Bxd4 15. Qxd4 Rfc8 16. Rd2 d5 17. e5 Nd7 18. f4 b5 19. Rfd1 Qc5 20. Qxc5 Nxc5 21. Kg1 g6 22. Bf1 1/2-1/2

[Event "Civil Service Ch 14th"]
[Site "Leeds"]
[Date "2004.07.30"]
[Round "5"]
[White "Archer, Richard P"]
[Black "Robson, Paul E"]
[Result "1/2-1/2"]
[WhiteElo "1808"]
[BlackElo "1824"]
[PlyCount "20"]
[EventDate "2004.07.28"]
[EventType "swiss"]
[EventRounds "5"]
[EventCountry "ENG"]
[SourceTitle "Thurlow, Kevin"]

1. e4 c5 2. Nf3 Nc6 3. d4 cxd4 4. Nxd4 Nf6 5. Nc3 d6 6. Be2 a6 7. O-O e6 8. Be3 Be7 9. Qd2 O-O 10. Rad1 Qc7 1/2-1/2

[Event "Civil Service Ch 14th"]
[Site "Leeds"]
[Date "2004.07.30"]
[Round "5"]
[White "Calvert, David Ian"]
[Black "Cooper, John G ENG"]
[Result "1/2-1/2"]
[WhiteElo "1912"]
[BlackElo "1848"]
[PlyCount "36"]
[EventDate "2004.07.28"]
[EventType "swiss"]
[EventRounds "5"]
[EventCountry "ENG"]
[SourceTitle "Thurlow, Kevin"]

1. b3 d5 2. Bb2 Nf6 3. Nf3 Bf5 4. c4 e6 5. g3 Bd6 6. Bg2 Nbd7 7. O-O h6 8. d3 O-O 9. Nbd2 Bh7 10. a3 a5 11. Qc2 c6 12. Rad1 Qe7 13. Qc1 e5 14. cxd5 cxd5 15. Ne1 Rac8 16. Qa1 b5 17. Bh3 Rc7 18. Ng2 Nb6 1/2-1/2